[Event "XXIX Miedzynarodowy Festiwal Szachowy CRACOVIA-2018 Grupa B"]
[Site "Krakow, Hotel Galaxy, ul. Gesia 22a"]
[Date "2019.??.??"]
[Round "7.51"]
[White "Adamczyk, Zuzanna"]
[Black "Saweczko, Tomasz"]
[Result "1-0"]
[WhiteElo "1842"]
[BlackElo "1724"]
[PlyCount "111"]
[EventDate "2019.??.??"]

1. e4 e5 2. Nf3 Nc6 3. d4 exd4 4. Nxd4 Bb4+ 5. c3 Be7 6. g3 Nf6 7. Bg2 d6 8.
Nxc6 bxc6 9. e5 dxe5 10. Qxd8+ Kxd8 11. Nd2 Be6 12. Bxc6 Rb8 13. O-O Bd6 14.
Re1 Bd5 15. Bxd5 Nxd5 16. Nc4 f6 17. Nxd6 cxd6 18. Rd1 Nb6 19. Rxd6+ Ke7 20.
Rd1 Na4 21. b3 Nxc3 22. Ba3+ Ke6 23. Rd6+ Kf5 24. Rd7 g5 25. Bb2 Nb5 26. Rad1
h5 27. b4 Ke6 28. a4 Nd4 29. Bxd4 Kxd7 30. Bxa7+ Ke6 31. Bxb8 Rxb8 32. Rb1 Ra8
33. a5 Kd5 34. Kf1 Kc4 35. Ke2 Kb5 36. Kd3 f5 37. Ke3 Rc8 38. Kd3 Rc4 39. h3
e4+ 40. Ke3 Rc3+ 41. Kd4 Rc2 42. Ra1 Ka6 43. b5+ Ka7 44. b6+ Ka6 45. Rb1 Rc8
46. b7 Rb8 47. Ke5 f4 48. Kxe4 fxg3 49. fxg3 Kxa5 50. Kf5 g4 51. h4 Ka6 52. Kg5
Ka7 53. Kxh5 Rh8+ 54. Kxg4 Kb8 55. h5 Rg8+ 56. Kh4 1-0

[Event "XXIX Miedzynarodowy Festiwal Szachowy CRACOVIA-2018 Grupa B"]
[Site "Krakow, Hotel Galaxy, ul. Gesia 22a"]
[Date "2019.??.??"]
[Round "7.52"]
[White "Cichon, Jakub"]
[Black "Vasilenko, Ekaterina"]
[Result "1-0"]
[WhiteElo "1558"]
[BlackElo "1791"]
[PlyCount "81"]
[EventDate "2019.??.??"]

1. e4 e6 2. d4 d5 3. Nd2 Nf6 4. e5 Nfd7 5. f4 c5 6. c3 Nc6 7. Ndf3 Be7 8. Bd3
cxd4 9. cxd4 Nb4 10. Bb1 Qa5 11. Bd2 Nb6 12. b3 Qa6 13. Bc3 Nd7 14. h4 Nf8 15.
Ne2 Bd7 16. a3 Nc6 17. g4 b5 18. f5 Qc8 19. Rg1 exf5 20. gxf5 Bxf5 21. Bb2 Bxb1
22. Rxb1 Qf5 23. Ng3 Qh3 24. Qc2 Rc8 25. Qf5 Qxf5 26. Nxf5 g6 27. Ne3 Rd8 28.
b4 a5 29. Rc1 axb4 30. Rxc6 bxa3 31. Ba1 b4 32. Rb6 Nd7 33. Rb7 Rb8 34. Rxb8+
Nxb8 35. Nxd5 b3 36. Bc3 Bd8 37. Kd2 Nc6 38. Ne3 Kd7 39. Nc4 Be7 40. d5 Ra8 41.
Nb6+ 1-0

[Event "XXIX Miedzynarodowy Festiwal Szachowy CRACOVIA-2018 Grupa B"]
[Site "Krakow, Hotel Galaxy, ul. Gesia 22a"]
[Date "2019.??.??"]
[Round "7.54"]
[White "Kalosha, Zhiulien Oleksii"]
[Black "Kaminski, Maciej"]
[Result "1-0"]
[WhiteElo "1795"]
[BlackElo "1862"]
[PlyCount "65"]
[EventDate "2019.??.??"]

1. e4 c5 2. Nf3 Nc6 3. d4 cxd4 4. Nxd4 Nf6 5. Nc3 e5 6. Ndb5 d6 7. Bg5 a6 8.
Na3 b5 9. Bxf6 gxf6 10. Nd5 f5 11. Bd3 Be6 12. O-O Bxd5 13. exd5 Ne7 14. c4 Bg7
15. Rb1 e4 16. Be2 O-O 17. b4 Ng6 18. f4 Qb6+ 19. Kh1 Nxf4 20. Rxf4 Qe3 21.
Rxf5 Qxa3 22. Qc2 bxc4 23. Bxc4 Rab8 24. Rb3 Qa4 25. Rg5 Kh8 26. Rxg7 Rxb4 27.
Rxh7+ Kxh7 28. Qxe4+ Kg7 29. Rg3+ Kf6 30. Rf3+ Kg5 31. Qf5+ Kh6 32. Rh3+ Kg7
33. Qg5# 1-0

[Event "XXIX Miedzynarodowy Festiwal Szachowy CRACOVIA-2018 Grupa B"]
[Site "Krakow, Hotel Galaxy, ul. Gesia 22a"]
[Date "2019.??.??"]
[Round "7.55"]
[White "Zaboklicki, Zbigniew"]
[Black "Borowski, Przemyslaw"]
[Result "0-1"]
[WhiteElo "1742"]
[BlackElo "1817"]
[PlyCount "96"]
[EventDate "2019.??.??"]

1. d4 f5 2. e4 fxe4 3. Nc3 Nf6 4. Bg5 g6 5. Bxf6 exf6 6. Nxe4 Bg7 7. Nf3 O-O 8.
Be2 d5 9. Nc3 Bg4 10. O-O c6 11. h3 Bxf3 12. Bxf3 f5 13. Qd3 Nd7 14. Ne2 Nf6
15. c4 Ne4 16. cxd5 cxd5 17. Nc3 Rc8 18. Rad1 Rc4 19. Ne2 Qb6 20. b3 Rc7 21.
Nf4 Qd6 22. Ne2 Rfc8 23. Rc1 Bh6 24. Rxc7 Rxc7 25. Bxe4 fxe4 26. Qb1 Qc6 27.
Rd1 Qc2 28. Kf1 Kf7 29. a4 Ke6 30. Qxc2 Rxc2 31. Rb1 Kd6 32. Ke1 a6 33. Kd1
Rd2+ 34. Ke1 Rd3 35. b4 Bd2+ 36. Kf1 Ra3 37. a5 Kc6 38. Nc1 Ra4 39. Nb3 Bxb4
40. Rc1+ Kd7 41. Ke2 Ra2+ 42. Ke3 Rb2 43. Nc5+ Bxc5 44. Rxc5 Rb5 45. g3 Kd6 46.
Rxb5 axb5 47. Kd2 b4 48. Kc2 Kc6 0-1

[Event "XXIX Miedzynarodowy Festiwal Szachowy CRACOVIA-2018 Grupa B"]
[Site "Krakow, Hotel Galaxy, ul. Gesia 22a"]
[Date "2019.??.??"]
[Round "7.56"]
[White "Wasik, Mateusz"]
[Black "Manko, Mariya"]
[Result "1-0"]
[WhiteElo "1693"]
[BlackElo "1814"]
[PlyCount "93"]
[EventDate "2019.??.??"]

1. e4 c5 2. Nf3 d6 3. d4 cxd4 4. Nxd4 Nf6 5. Nc3 g6 6. Be3 Bg7 7. f3 O-O 8. Bc4
Nc6 9. Bb3 Nxd4 10. Bxd4 Be6 11. O-O Qa5 12. Kh1 b5 13. Ne2 b4 14. c3 Qb5 15.
Bxe6 fxe6 16. cxb4 Qxb4 17. Qb3 Qxb3 18. axb3 a6 19. Rfc1 Rfc8 20. Rxc8+ Rxc8
21. Bc3 Ra8 22. Nf4 Kf7 23. b4 g5 24. Nd3 Ne8 25. Bxg7 Kxg7 26. b5 Nc7 27. b6
Nb5 28. Nb4 Nd4 29. Nxa6 Nc6 30. Ra3 Kf7 31. Kg1 e5 32. b4 Nxb4 33. Nxb4 Rxa3
34. b7 Ra1+ 35. Kf2 Rb1 36. b8=Q h5 37. Qb5 Rb2+ 38. Kg3 h4+ 39. Kh3 Kg6 40.
Qe8+ Kh6 41. Qf8+ Kg6 42. Nd5 Kh5 43. Qh8+ Kg6 44. Nxe7+ Kf7 45. Qh7+ Ke6 46.
Nd5 g4+ 47. Kxh4 1-0

[Event "XXIX Miedzynarodowy Festiwal Szachowy CRACOVIA-2018 Grupa B"]
[Site "Krakow, Hotel Galaxy, ul. Gesia 22a"]
[Date "2019.01.03"]
[Round "8.4"]
[White "Szwaj, Jacek"]
[Black "Adamczewski, Maciej"]
[Result "1/2-1/2"]
[BlackElo "2080"]
[WhiteElo "1968"]
[LiveChessVersion "1.4.8"]

1. e4 {[%clk 1:30:58]} e6 {[%clk 1:27:48]} 2. d4 {[%clk 1:31:08]} d5
{[%clk 1:28:12]} 3. Nd2 {[%clk 1:31:33]} a6 {[%clk 1:28:32]} 4. Bd3
{[%clk 1:27:35]} c5 {[%clk 1:28:45]} 5. dxc5 {[%clk 1:24:02]} Bxc5
{[%clk 1:28:54]} 6. Ngf3 {[%clk 1:23:22]} Nc6 {[%clk 1:25:17]} 7. exd5
{[%clk 1:14:53]} exd5 {[%clk 1:24:32]} 8. O-O {[%clk 1:15:09]} Nf6
{[%clk 1:24:38]} 9. Re1+ {[%clk 1:15:16]} Be7 {[%clk 1:24:58]} 10. c3
{[%clk 1:14:36]} O-O {[%clk 1:25:04]} 11. Nb3 {[%clk 1:12:55]} Bg4
{[%clk 1:25:12]} 12. Nbd4 {[%clk 1:09:33]} Re8 {[%clk 1:16:02]} 13. Qc2
{[%clk 1:04:42]} Bh5 {[%clk 1:09:32]} 14. Bg5 {[%clk 1:01:57]} h6
{[%clk 0:45:38]} 15. Bh4 {[%clk 1:00:16]} Bxf3 {[%clk 0:41:39]} 16. Nxf3
{[%clk 0:58:54]} Nd7 {[%clk 0:37:23]} 17. Bxe7 {[%clk 0:50:42]} Rxe7
{[%clk 0:37:34]} 18. Rxe7 {[%clk 0:49:18]} Qxe7 {[%clk 0:37:26]} 19. Re1
{[%clk 0:48:28]} Qd6 {[%clk 0:34:44]} 20. Qd2 {[%clk 0:45:27]} Rd8
{[%clk 0:31:34]} 21. Bc2 {[%clk 0:39:50]} Nc5 {[%clk 0:27:35]} 22. Qe2
{[%clk 0:35:55]} Kf8 {[%clk 0:22:01]} 23. Qe3 {[%clk 0:32:38]} Ne6
{[%clk 0:21:30]} 24. Qd3 {[%clk 0:31:42]} Ke7 {[%clk 0:17:27]} 25. Bb3
{[%clk 0:28:08]} Rd7 {[%clk 0:15:43]} 26. g3 {[%clk 0:18:18]} Kd8
{[%clk 0:15:40]} 27. Ba4 {[%clk 0:15:55]} Nc5 {[%clk 0:14:51]} 28. Qd1
{[%clk 0:16:19]} b5 {[%clk 0:12:40]} 29. Bc2 {[%clk 0:16:37]} g6 {[%clk 0:11:42]}
30. Qd2 {[%clk 0:14:45]} h5 {[%clk 0:11:31]} 31. b4 {[%clk 0:11:41]} Ne6
{[%clk 0:10:58]} 32. Bb3 {[%clk 0:11:53]} Nc7 {[%clk 0:05:17]} 33. Rd1
{[%clk 0:09:03]} Kc8 {[%clk 0:05:43]} 34. a4 {[%clk 0:09:10]} Ne5
{[%clk 0:04:57]} 35. Ne1 {[%clk 0:05:51]} Qc6 {[%clk 0:03:03]} 36. axb5
{[%clk 0:05:18]} axb5 {[%clk 0:01:44]} 37. Qd4 {[%clk 0:05:29]} Nc4
{[%clk 0:01:53]} 38. Nd3 {[%clk 0:03:33]} Ne6 {[%clk 0:02:09]} 39. Qh8+
{[%clk 0:03:46]} Rd8 {[%clk 0:02:27]} 40. Qf6 {[%clk 0:34:08]} Qc7
{[%clk 0:31:26]} 41. Ra1 {[%clk 0:32:04]} Nb6 {[%clk 0:21:56]} 42. Qe5
{[%clk 0:20:21]} Qxe5 {[%clk 0:18:16]} 43. Nxe5 {[%clk 0:20:46]} Ng5
{[%clk 0:15:53]} 44. f4 {[%clk 0:19:49]} Ne4 {[%clk 0:10:12]} 45. Nxf7
{[%clk 0:19:42]} Rf8 {[%clk 0:10:33]} 46. Ne5 {[%clk 0:18:53]} Nxc3
{[%clk 0:08:34]} 47. Nxg6 {[%clk 0:15:19]} Rf6 {[%clk 0:08:53]} 48. Ne5
{[%clk 0:15:04]} Nc4 {[%clk 0:09:09]} 49. Bd1 {[%clk 0:12:51]} Nxe5
{[%clk 0:08:00]} 50. fxe5 {[%clk 0:12:21]} Rf5 {[%clk 0:07:40]} 51. e6
{[%clk 0:08:58]} Re5 {[%clk 0:07:56]} 52. Bf3 {[%clk 0:08:46]} Kd8
{[%clk 0:05:25]} 53. Ra7 {[%clk 0:08:28]} Rxe6 {[%clk 0:05:31]} 54. Bxh5
{[%clk 0:08:23]} d4 {[%clk 0:05:54]} 55. Ra3 {[%clk 0:06:33]} Re5
{[%clk 0:05:14]} 56. Bf3 {[%clk 0:06:33]} Re1+ {[%clk 0:04:16]} 57. Kf2
{[%clk 0:06:24]} Rb1 {[%clk 0:04:40]} 58. h4 {[%clk 0:06:21]} Rxb4
{[%clk 0:04:20]} 59. h5 {[%clk 0:06:08]} Ke7 {[%clk 0:04:30]} 60. h6
{[%clk 0:05:55]} Rb2+ {[%clk 0:03:45]} 61. Kg1 {[%clk 0:04:39]} Kf7
{[%clk 0:03:57]} 62. Bh5+ {[%clk 0:04:23]} Kg8 {[%clk 0:03:45]} 63. Bg6
{[%clk 0:04:37]} Ra2 {[%clk 0:03:21]} 64. Rxa2 {[%clk 0:03:38]} Nxa2
{[%clk 0:03:45]} 65. Kf2 {[%clk 0:03:41]} Nc3 {[%clk 0:03:21]} 66. g4
{[%clk 0:03:14]} b4 {[%clk 0:03:03]} 67. Bc2 {[%clk 0:03:34]} Kh8
{[%clk 0:02:50]} 68. Ke1 {[%clk 0:02:34]} Nd5 {[%clk 0:02:08]} 69. Kf2
{[%clk 0:01:22]} Ne3 {[%clk 0:02:25]} 70. Bb3 {[%clk 0:00:37]} Nxg4+
{[%clk 0:02:39]} 71. Kf3 {[%clk 0:00:46]} 1/2-1/2

[Event "XXIX Miedzynarodowy Festiwal Szachowy CRACOVIA-2018 Grupa B"]
[Site "Krakow, Hotel Galaxy, ul. Gesia 22a"]
[Date "2019.01.03"]
[Round "8.9"]
[White "Warchol, Bartosz"]
[Black "Bachor, Tomasz"]
[Result "0-1"]
[WhiteElo "1975"]
[BlackElo "1854"]
[PlyCount "84"]
[EventDate "2019.??.??"]

1. d4 Nf6 2. c4 g6 3. Nf3 Bg7 4. Nc3 O-O 5. g3 d6 6. Bg2 Nc6 7. O-O Bg4 8. d5
Bxf3 9. exf3 Na5 10. Qd3 c5 11. b3 b5 12. Rb1 bxc4 13. bxc4 Nd7 14. Re1 Ne5 15.
Qc2 Naxc4 16. f4 Nd7 17. Na4 Ncb6 18. Nxb6 Nxb6 19. a4 Re8 20. Bb2 Rb8 21. Bxg7
Kxg7 22. a5 Nd7 23. Qa4 Nf6 24. Bf3 Kf8 25. Kg2 Qd7 26. Qc4 Qc7 27. Qa6 c4 28.
Rec1 Rxb1 29. Rxb1 c3 30. Rc1 Qc5 31. Qd3 Rc8 32. a6 Qc4 33. Qxc4 Rxc4 34. Kf1
Rc5 35. Ke2 Nxd5 36. Bxd5 Rxd5 37. Rxc3 Ra5 38. Rc8+ Kg7 39. Rc7 Rxa6 40. Rxe7
Kf6 41. Rb7 Ra2+ 42. Ke3 h5 0-1

[Event "XXIX Miedzynarodowy Festiwal Szachowy CRACOVIA-2018 Grupa B"]
[Site "Krakow, Hotel Galaxy, ul. Gesia 22a"]
[Date "2019.01.03"]
[Round "8.10"]
[White "Bakalarz, Leszek"]
[Black "Dzida, Kamil"]
[Result "1/2-1/2"]
[WhiteElo "1927"]
[BlackElo "1951"]
[PlyCount "110"]
[EventDate "2019.??.??"]

1. e4 c5 2. Nf3 d6 3. d4 cxd4 4. Nxd4 Nf6 5. Nc3 a6 6. Bg5 e6 7. f4 Nbd7 8. Qf3
Qc7 9. O-O-O Be7 10. g4 b5 11. Bxf6 Nxf6 12. g5 Nd7 13. f5 O-O 14. fxe6 fxe6
15. Nxe6 Rxf3 16. Nxc7 Ra7 17. Ne6 Ne5 18. Nd4 Bxg5+ 19. Kb1 Rf2 20. h4 Bf6 21.
Nd5 Bb7 22. Nf5 Bxd5 23. Rxd5 Rc7 24. Ne3 Nf3 25. Bd3 Bxh4 26. Rxd6 Bg5 27. Nd5
Rf7 28. Rxa6 g6 29. a3 Kg7 30. Bxb5 Nd2+ 31. Ka2 Nxe4 32. Rc6 h5 33. Bd3 Nf6
34. b4 Rd7 35. Rc7 Rxc7 36. Nxc7 Be3 37. a4 g5 38. Kb3 g4 39. Re1 h4 40. Rxe3
h3 41. Re1 h2 42. Ne6+ Kh6 43. a5 g3 44. a6 Nd7 45. Rh1 Kh5 46. a7 Nb6 47. Be4
Kg4 48. a8=Q Nxa8 49. Bxa8 Rf3+ 50. Bxf3+ Kxf3 51. Nd4+ Kg2 52. Rd1 Kf2 53. Rh1
Kg2 54. Rd1 Kf2 55. Rh1 Kg2 1/2-1/2

[Event "XXIX Miedzynarodowy Festiwal Szachowy CRACOVIA-2018 Grupa B"]
[Site "Krakow, Hotel Galaxy, ul. Gesia 22a"]
[Date "2019.01.03"]
[Round "8.11"]
[White "Janus, Przemyslaw"]
[Black "Skurniak, Szymon"]
[Result "1-0"]
[WhiteElo "2091"]
[BlackElo "1895"]
[PlyCount "63"]
[EventDate "2019.??.??"]

1. d4 Nf6 2. c4 e6 3. Nc3 Bb4 4. e3 O-O 5. Bd3 c5 6. Nge2 d5 7. cxd5 cxd4 8.
exd4 Nxd5 9. O-O Nc6 10. Be4 Nce7 11. Qb3 Bd6 12. Bg5 h6 13. Bh4 Qa5 14. Rac1
Nxc3 15. Nxc3 Nc6 16. Bxc6 bxc6 17. Ne4 Rb8 18. Qe3 Ba6 19. Nxd6 Bxf1 20. Rxf1
Qd5 21. Be7 f5 22. b3 f4 23. Qe5 Rb6 24. Bxf8 Kxf8 25. Qxf4+ Kg8 26. Nc4 Rb7
27. Ne5 a5 28. h4 a4 29. h5 Rb8 30. Qf7+ Kh7 31. Nd7 Rh8 32. Nf6# 1-0

[Event "XXIX Miedzynarodowy Festiwal Szachowy CRACOVIA-2018 Grupa B"]
[Site "Krakow, Hotel Galaxy, ul. Gesia 22a"]
[Date "2019.01.03"]
[Round "8.12"]
[White "Andronescu, Madalin"]
[Black "Pasti, Anna"]
[Result "1/2-1/2"]
[WhiteElo "2070"]
[BlackElo "1832"]
[PlyCount "90"]
[EventDate "2019.??.??"]

1. e4 c5 2. Nf3 e6 3. d4 cxd4 4. Nxd4 a6 5. Nc3 b5 6. a4 b4 7. Na2 Bb7 8. Bd3
Nc6 9. Nxc6 Bxc6 10. O-O a5 11. b3 Nf6 12. Re1 Bc5 13. Be3 Be7 14. Bd4 d6 15.
Nc1 O-O 16. Re3 e5 17. Bb2 Nd7 18. Qg4 Nc5 19. Bc4 Bd7 20. Qf3 Bg5 21. Re1 Bc6
22. Nd3 Nd7 23. Rad1 Qe7 24. Nc1 Nb6 25. Bf1 Rfd8 26. Nd3 Bf6 27. Qg3 Rac8 28.
c3 Bxa4 29. bxa4 bxc3 30. Ba3 Nc4 31. Ra1 Nxa3 32. Rxa3 d5 33. Raa1 d4 34. Reb1
c2 35. Rb5 Rc3 36. Qg4 Rxd3 37. Bxd3 Qa3 38. Bxc2 Qxa1+ 39. Qd1 Qxd1+ 40. Bxd1
g6 41. Kf1 Rc8 42. Bb3 d3 43. Ke1 Be7 44. Rxe5 Bb4+ 45. Kd1 d2 1/2-1/2

[Event "XXIX Miedzynarodowy Festiwal Szachowy CRACOVIA-2018 Grupa B"]
[Site "Krakow, Hotel Galaxy, ul. Gesia 22a"]
[Date "2019.01.03"]
[Round "8.13"]
[White "Koloczek, Maciej"]
[Black "Kumor, Lukasz"]
[Result "1/2-1/2"]
[WhiteElo "1852"]
[BlackElo "2040"]
[PlyCount "106"]
[EventDate "2019.??.??"]

1. e4 e6 2. d4 d5 3. Nd2 Nc6 4. Ngf3 Nf6 5. e5 Nd7 6. Nb3 Be7 7. Bb5 a6 8. Bd3
Nb4 9. h4 c5 10. dxc5 Qc7 11. Qe2 a5 12. a4 Nxd3+ 13. cxd3 b6 14. c6 Nc5 15.
Nbd4 Ba6 16. Nb5 Qxc6 17. Nfd4 Qd7 18. b3 f6 19. Bf4 O-O 20. g3 Qe8 21. Rd1 Rc8
22. O-O Bxb5 23. axb5 f5 24. Bd2 Qg6 25. h5 Qf7 26. b4 axb4 27. Bxb4 Nb3 28.
Nxb3 Bxb4 29. Nd4 Bc5 30. Nc6 f4 31. Qg4 fxg3 32. Qxg3 Qxh5 33. d4 Rf3 34. dxc5
Rxg3+ 35. fxg3 Qg5 36. cxb6 Qxg3+ 37. Kh1 Qh3+ 38. Kg1 Qe3+ 39. Kh1 Qe4+ 40.
Kg1 Qg4+ 41. Kh1 Qe4+ 42. Kg1 Qe3+ 43. Kh1 Re8 44. b7 Qb6 45. b8=Q Rxb8 46.
Nxb8 Qxb5 47. Rb1 Qa4 48. Nd7 h5 49. Rb8+ Kh7 50. Nf8+ Kh6 51. Rfb1 Qe4+ 52.
Kg1 Qg4+ 53. Kh1 Qh3+ 1/2-1/2

[Event "XXIX Miedzynarodowy Festiwal Szachowy CRACOVIA-2018 Grupa B"]
[Site "Krakow, Hotel Galaxy, ul. Gesia 22a"]
[Date "2019.01.03"]
[Round "8.15"]
[White "Konyves, Almos"]
[Black "Szalko, Maciej"]
[Result "1/2-1/2"]
[WhiteElo "1963"]
[BlackElo "1889"]
[PlyCount "83"]
[EventDate "2019.??.??"]

1. e4 c5 2. c4 Nc6 3. Ne2 e6 4. Nbc3 Nf6 5. g3 d5 6. exd5 exd5 7. Bg2 d4 8. Nd5
Bd6 9. O-O O-O 10. Nef4 Bg4 11. f3 Bf5 12. d3 Kh8 13. Re1 h6 14. g4 Bh7 15.
Nxf6 Qxf6 16. Nd5 Qg6 17. Nf4 Bxf4 18. Bxf4 Qxd3 19. Qxd3 Bxd3 20. Bd6 Rfe8 21.
Bxc5 Bxc4 22. f4 d3 23. b3 Ba6 24. Bxc6 bxc6 25. Bb4 Rad8 26. Rxe8+ Rxe8 27.
Re1 Rxe1+ 28. Bxe1 Bc8 29. g5 Kh7 30. Kf2 Kg6 31. Bd2 Kh5 32. Kg3 Bf5 33. b4
Kg6 34. a4 f6 35. h4 h5 36. Kf2 Kf7 37. Ke3 Ke6 38. Kd4 Kd6 39. a5 a6 40. Bc3
Bh7 41. Bd2 Bf5 42. Bc3 1/2-1/2

[Event "XXIX Miedzynarodowy Festiwal Szachowy CRACOVIA-2018 Grupa B"]
[Site "Krakow, Hotel Galaxy, ul. Gesia 22a"]
[Date "2019.01.03"]
[Round "8.16"]
[White "Jeda, Maciej"]
[Black "Kusnetsov, Igor"]
[Result "0-1"]
[WhiteElo "1917"]
[BlackElo "2094"]
[PlyCount "130"]
[EventDate "2019.??.??"]

1. e4 c5 2. Nf3 Nc6 3. d4 cxd4 4. Nxd4 Nf6 5. Nc3 g6 6. Be3 Bg7 7. Nb3 O-O 8.
Be2 d6 9. O-O Be6 10. f4 Rc8 11. Bf3 Bc4 12. Rf2 Qc7 13. Nd5 Nxd5 14. exd5 Nb4
15. c3 Nd3 16. Rd2 Nc5 17. Nxc5 dxc5 18. Qc2 Bb5 19. Rad1 Rcd8 20. Kh1 b6 21.
c4 Bd7 22. a3 h5 23. Be4 f5 24. Bf3 Bf6 25. b4 Qd6 26. b5 a6 27. a4 axb5 28.
axb5 Ra8 29. h3 Ra3 30. Rd3 Ra7 31. Qe2 Rfa8 32. Bxh5 gxh5 33. Qxh5 Bg7 34. Bc1
Qh6 35. Qe2 Kf7 36. Re1 Bf6 37. Bb2 Bxb2 38. Qxb2 Qf6 39. Qxf6+ Kxf6 40. Rde3
Ra1 41. Rxe7 R8a3 42. Kg1 Rxe1+ 43. Rxe1 Rc3 44. Ra1 Rxc4 45. Ra6 Rb4 46. Rxb6+
Ke7 47. g4 fxg4 48. hxg4 Rxf4 49. Rh6 Rxg4+ 50. Kf2 Bxb5 51. Ke3 Rd4 52. Rb6
Bd7 53. Rb7 Kd6 54. Ra7 Rxd5 55. Ra6+ Ke5 56. Rh6 c4 57. Rh4 Rd3+ 58. Ke2 Kd5
59. Rh5+ Kd4 60. Rg5 Rh3 61. Kd2 Rh2+ 62. Kc1 Bc6 63. Rg4+ Be4 64. Rg8 Kc3 65.
Kd1 Bd3 0-1

[Event "XXIX Miedzynarodowy Festiwal Szachowy CRACOVIA-2018 Grupa B"]
[Site "Krakow, Hotel Galaxy, ul. Gesia 22a"]
[Date "2019.01.03"]
[Round "8.17"]
[White "Grishchenko, Mihail"]
[Black "Nasirov, Ruslan"]
[Result "1-0"]
[WhiteElo "1936"]
[BlackElo "2062"]
[PlyCount "85"]
[EventDate "2019.??.??"]

1. e4 c5 2. b3 Nc6 3. Bb2 Nf6 4. Nc3 e6 5. Nf3 d6 6. d4 cxd4 7. Nxd4 Be7 8. Be2
O-O 9. Qd2 a6 10. O-O-O Qc7 11. f4 b5 12. g4 b4 13. Na4 Nxe4 14. Qe3 d5 15. Bf3
Nxd4 16. Bxe4 Nxb3+ 17. axb3 dxe4 18. g5 Bb7 19. Rhf1 Rac8 20. Rf2 Rfd8 21. Rd4
Rxd4 22. Bxd4 Bd5 23. h4 Bd6 24. Nb6 Rb8 25. Kb1 Qc6 26. h5 Bc7 27. Na4 Re8 28.
h6 e5 29. fxe5 Bxe5 30. Rf5 Qd6 31. Nb6 Re6 32. Rxe5 Rxe5 33. Bxe5 Qxe5 34. Qc5
gxh6 35. gxh6 f5 36. Qxd5+ Qxd5 37. Nxd5 Kf7 38. Nxb4 f4 39. Kc1 Kg6 40. Kd2
Kg5 41. c4 Kg4 42. Ke2 Kg5 43. c5 1-0

[Event "XXIX Miedzynarodowy Festiwal Szachowy CRACOVIA-2018 Grupa B"]
[Site "Krakow, Hotel Galaxy, ul. Gesia 22a"]
[Date "2019.01.03"]
[Round "8.18"]
[White "Ilandzis, Spyridon"]
[Black "Fronczak, Sebastian"]
[Result "0-1"]
[WhiteElo "2052"]
[BlackElo "1912"]
[PlyCount "66"]
[EventDate "2019.??.??"]

1. d4 Nf6 2. c4 c5 3. d5 d6 4. Nc3 g6 5. e4 Bg7 6. Bf4 O-O 7. Be2 e6 8. dxe6
Bxe6 9. Bxd6 Re8 10. Nf3 Qb6 11. Qd2 Nc6 12. O-O Rad8 13. Rfd1 Bg4 14. e5 Nxe5
15. Nxe5 Bxe2 16. Nxe2 Rxe5 17. Bxe5 Rxd2 18. Rxd2 Ne4 19. Bxg7 Nxd2 20. Bh6
Ne4 21. Ng3 Qxb2 22. Rf1 Nxg3 23. hxg3 Qe2 24. Rb1 b6 25. f3 f6 26. Bf4 Kf7 27.
Rb3 Qxc4 28. Ra3 a5 29. Kh2 a4 30. Re3 g5 31. Bd6 Qd5 32. Bc7 b5 33. g4 b4 0-1

[Event "XXIX Miedzynarodowy Festiwal Szachowy CRACOVIA-2018 Grupa B"]
[Site "Krakow, Hotel Galaxy, ul. Gesia 22a"]
[Date "2019.01.03"]
[Round "8.19"]
[White "Koziorowicz, Michal"]
[Black "Barchuk, Irina"]
[Result "1/2-1/2"]
[WhiteElo "1872"]
[BlackElo "2023"]
[PlyCount "62"]
[EventDate "2019.??.??"]

1. e4 c5 2. Nf3 Nc6 3. d4 cxd4 4. Nxd4 g6 5. Be3 Bg7 6. Nc3 Nf6 7. Bc4 O-O 8.
Bb3 d6 9. f3 Bd7 10. Qd2 Rc8 11. O-O-O Ne5 12. h4 Nc4 13. Bxc4 Rxc4 14. h5 Nxh5
15. g4 Nf6 16. Bh6 Nxe4 17. Nxe4 Rxd4 18. Qh2 Be5 19. f4 Rxd1+ 20. Rxd1 Bxg4
21. fxe5 Bxd1 22. Bxf8 Kxf8 23. Qxh7 Ke8 24. Qg8+ Kd7 25. Qxf7 Bh5 26. exd6 Kc8
27. Qe6+ Qd7 28. Qg8+ Qd8 29. Qe6+ Qd7 30. Qxe7 Qxe7 31. dxe7 Kd7 1/2-1/2

[Event "XXIX Miedzynarodowy Festiwal Szachowy CRACOVIA-2018 Grupa B"]
[Site "Krakow, Hotel Galaxy, ul. Gesia 22a"]
[Date "2019.01.03"]
[Round "8.20"]
[White "Szczecina, Kamil"]
[Black "Kepowicz, Artur"]
[Result "1/2-1/2"]
[WhiteElo "1986"]
[BlackElo "1869"]
[PlyCount "76"]
[EventDate "2019.??.??"]

1. e4 c5 2. Nf3 Nc6 3. d4 cxd4 4. Nxd4 Nf6 5. Nc3 d6 6. Bc4 e6 7. Be3 Be7 8. f3
h5 9. Qd2 Bd7 10. Ndb5 Ne5 11. Bb3 Bxb5 12. Nxb5 a6 13. Nc3 b5 14. a4 b4 15.
Ne2 O-O 16. O-O Rb8 17. Nd4 Qc8 18. Qe2 Nc6 19. Nxc6 Qxc6 20. Rad1 Rfd8 21. Bd4
Rd7 22. Kh1 Rc8 23. Rde1 g6 24. f4 d5 25. Bxf6 Bxf6 26. exd5 Rxd5 27. Bxd5 Qxd5
28. Qe4 Qxe4 29. Rxe4 a5 30. c3 bxc3 31. bxc3 Rxc3 32. Rb1 Ra3 33. h3 Be7 34.
Rb8+ Kg7 35. Rb7 Bh4 36. Kg1 Bg3 37. Rb1 Ra2 38. Rf1 h4 1/2-1/2

[Event "XXIX Miedzynarodowy Festiwal Szachowy CRACOVIA-2018 Grupa B"]
[Site "Krakow, Hotel Galaxy, ul. Gesia 22a"]
[Date "2019.01.03"]
[Round "8.22"]
[White "Alothman, Abdul Wahab"]
[Black "Planeta, Wojciech"]
[Result "1/2-1/2"]
[WhiteElo "1965"]
[BlackElo "1812"]
[PlyCount "90"]
[EventDate "2019.??.??"]

1. d4 f5 2. Nf3 Nf6 3. Bf4 g6 4. e3 Bg7 5. c4 O-O 6. Be2 d6 7. h3 e6 8. Nc3 Qe7
9. O-O Ne4 10. Nxe4 fxe4 11. Nd2 d5 12. Qc2 c6 13. f3 e5 14. dxe5 exf3 15. Nxf3
Nd7 16. cxd5 cxd5 17. Rad1 Nxe5 18. Qb3 Nxf3+ 19. Bxf3 Be6 20. Bxd5 Bxd5 21.
Qxd5+ Qf7 22. b4 Rac8 23. Rf2 h6 24. h4 Qxd5 25. Rxd5 Rc1+ 26. Kh2 Rb1 27. b5
Rf5 28. Rxf5 gxf5 29. a4 Ra1 30. Rd2 Rxa4 31. Rd8+ Kh7 32. Rd7 b6 33. h5 Kg8
34. Rd5 Ra5 35. Rxf5 a6 36. Rd5 Rxb5 37. Rd8+ Kh7 38. g4 a5 39. Rb8 Be5 40.
Bxe5 Rxe5 41. Rxb6 Rxe3 42. Ra6 Ra3 43. Kg2 Ra4 44. Ra7+ Kg8 45. Kh3 Ra1
1/2-1/2

[Event "XXIX Miedzynarodowy Festiwal Szachowy CRACOVIA-2018 Grupa B"]
[Site "Krakow, Hotel Galaxy, ul. Gesia 22a"]
[Date "2019.01.03"]
[Round "8.23"]
[White "Jablonska, Sabina"]
[Black "Goraj, Barbara"]
[Result "1-0"]
[WhiteElo "1964"]
[BlackElo "1786"]
[PlyCount "57"]
[EventDate "2019.??.??"]

1. d4 Nf6 2. Bf4 g6 3. Nc3 Bg7 4. e4 d6 5. Qd2 O-O 6. O-O-O Nc6 7. Nf3 Bg4 8.
Qe3 d5 9. e5 Nh5 10. Bh6 Bxh6 11. Qxh6 Bxf3 12. gxf3 e6 13. h4 a6 14. Bh3 f5
15. Rdg1 Ng7 16. Ne2 Qe7 17. h5 gxh5 18. Rxg7+ Qxg7 19. Rg1 Qxg1+ 20. Nxg1 Rae8
21. c3 Nd8 22. Ne2 Nf7 23. Qf6 Nd8 24. Qg5+ Kh8 25. Nf4 Rf7 26. Qxh5 Kg8 27.
Qh6 Kh8 28. Kd2 Rd7 29. Nh5 1-0

[Event "XXIX Miedzynarodowy Festiwal Szachowy CRACOVIA-2018 Grupa B"]
[Site "Krakow, Hotel Galaxy, ul. Gesia 22a"]
[Date "2019.01.03"]
[Round "8.24"]
[White "Krawczyk, Flawian"]
[Black "Lada, Ireneusz"]
[Result "1/2-1/2"]
[WhiteElo "1641"]
[BlackElo "1944"]
[PlyCount "58"]
[EventDate "2019.??.??"]

1. e4 c6 2. d4 d5 3. Nc3 dxe4 4. Nxe4 Nf6 5. Nxf6+ gxf6 6. c3 Bf5 7. Nf3 e6 8.
g3 Bd6 9. Bg2 Nd7 10. Be3 Qc7 11. Qd2 Be4 12. Nh4 Bxg2 13. Nxg2 f5 14. Bf4
O-O-O 15. Bxd6 Qxd6 16. O-O-O Qd5 17. Ne3 Qxa2 18. Qd3 Nc5 19. Qc4 Qxc4 20.
Nxc4 Ne4 21. Rhf1 f6 22. Rde1 Kd7 23. Re2 Nd6 24. Nd2 Rde8 25. Rfe1 b6 26. Kc2
c5 27. Kd3 h5 28. Nf3 Ne4 29. Nh4 Rhg8 1/2-1/2

[Event "XXIX Miedzynarodowy Festiwal Szachowy CRACOVIA-2018 Grupa B"]
[Site "Krakow, Hotel Galaxy, ul. Gesia 22a"]
[Date "2019.01.03"]
[Round "8.25"]
[White "Pastuszko, Kinga"]
[Black "Ociepka, Tomasz"]
[Result "1-0"]
[WhiteElo "2029"]
[BlackElo "1907"]
[PlyCount "53"]
[EventDate "2019.??.??"]

1. e4 c5 2. Nf3 d6 3. d4 cxd4 4. Nxd4 Nf6 5. Nc3 e6 6. Bd3 Nc6 7. Be3 a6 8. O-O
Be7 9. f4 O-O 10. Qf3 e5 11. Nxc6 bxc6 12. fxe5 dxe5 13. Qg3 Ng4 14. Bd2 Qd4+
15. Kh1 Bc5 16. h3 Nf2+ 17. Kh2 Kh8 18. Ne2 Nxe4 19. Qh4 Qd8 20. Qxe4 f5 21.
Qxc6 e4 22. Qxc5 exd3 23. cxd3 Bb7 24. Bc3 Re8 25. Ng3 Rc8 26. Qxf5 Qc7 27. Qf7
1-0